000 00719nam a2200241 a 4500
001 33827
003 BD-RjUL
005 20211209052050.0
008 140511s1965 enk b 001 0 eng d
035 _a(BD-RjUL)33919
040 _aD2035
_beng
_cD2035
_dBD-RjUL
041 _aeng
082 0 0 _a301.155
_bRIL 1965
100 1 _aRice, A. K.
_q(Albert Kenneth)
_9102727
245 1 0 _aLearning for leadership :
_binterpersonal and intergroup relations /
_cA.K. Rice.
260 _aLondon :
_bTavistock,
_cc1965.
300 _axii, 200p. ;
_c 23 cm.
504 _aBibliography: p.195-196.
504 _aIncludes index.
650 0 _aLeadership.
_9102728
650 0 _aInterpersonal relations.
_9102729
942 _2ddc
_cBK
999 _c33827
_d33827